[Event "XXII OPEN INTERNACIONAL CIUTAT DE MONTCADA - Grup "]
[Site "Montcada i Reixac (Barcelona)"]
[Date "2014.06.30"]
[Round "6"]
[Board "1"]
[White "Gomez Garrido, Camilo Ernesto"]
[Black "Ni, Hua"]
[Result "1/2-1/2"]
[WhiteElo "2495"]
[BlackElo "2653"]
[PlyCount "65"]
[EventDate "2014.06.25"]
[EventRounds "9"]
[EventCountry "ESP"]

1. d4 Nf6 2. c4 e6 3. Nf3 d5 4. g3 dxc4 5. Bg2 c5 6. O-O Nc6 7. Qa4 Bd7 8. dxc5
Na5 9. Qa3 Rc8 10. Bd2 b6 11. b4 cxb3 12. axb3 Bxc5 13. b4 Be7 14. Ne5 Bb5 15.
Qe3 Nc6 16. Nxc6 Bxc6 17. Bxc6+ Rxc6 18. Rxa7 O-O 19. Qb3 Ne4 20. Be3 Bg5 21.
Rd1 Qb8 22. Rad7 Bxe3 23. Qxe3 Nf6 24. R7d4 Rfc8 25. Qd3 h6 26. Nd2 b5 27. Nb3
Nd5 28. e4 Rc3 29. Qb1 Nf6 30. Nc5 Qa8 31. Qb2 Ra3 32. Qe2 Rb8 33. Nd7 1/2-1/2

[Event "XXII OPEN INTERNACIONAL CIUTAT DE MONTCADA - Grup "]
[Site "Montcada i Reixac (Barcelona)"]
[Date "2014.06.30"]
[Round "6"]
[Board "2"]
[White "Zherebukh, Yaroslav"]
[Black "Cori T., Deysi"]
[Result "1-0"]
[WhiteElo "2618"]
[BlackElo "2414"]
[PlyCount "63"]
[EventDate "2014.06.25"]
[EventRounds "9"]
[EventCountry "ESP"]

1. d4 Nf6 2. c4 g6 3. f3 d5 4. cxd5 Nxd5 5. e4 Nb6 6. Nc3 Bg7 7. Be3 Nc6 8. d5
Ne5 9. f4 Ng4 10. Bb5+ Bd7 11. Qxg4 c6 12. Qd1 cxb5 13. Bd4 Bg4 14. Qd3 Bxd4
15. Qxd4 O-O 16. h3 Bd7 17. Nf3 Qc7 18. Ne2 f5 19. e5 Rad8 20. d6 exd6 21. exd6
Qc4 22. Rc1 Qxd4 23. Nexd4 Nc4 24. O-O Rf6 25. a4 Nxd6 26. Rc7 bxa4 27. Re1 Nb5
28. Nxb5 Bxb5 29. Ree7 Rc6 30. Rg7+ Kf8 31. Rcf7+ Ke8 32. Ne5 1-0

[Event "XXII OPEN INTERNACIONAL CIUTAT DE MONTCADA - Grup "]
[Site "Montcada i Reixac (Barcelona)"]
[Date "2014.06.30"]
[Round "6"]
[Board "3"]
[White "Das, Sayantan"]
[Black "Grigoryan, Karen H."]
[Result "1/2-1/2"]
[WhiteElo "2352"]
[BlackElo "2577"]
[PlyCount "138"]
[EventDate "2014.06.25"]
[EventRounds "9"]
[EventCountry "ESP"]

1. e4 c5 2. Nf3 Nc6 3. d4 cxd4 4. Nxd4 Nf6 5. Nc3 d6 6. Bg5 e6 7. Qd2 a6 8.
O-O-O Bd7 9. f4 b5 10. Bxf6 gxf6 11. Kb1 Qb6 12. Nxc6 Bxc6 13. f5 b4 14. Ne2 e5
15. Ng3 h5 16. h4 Qc5 17. Qe2 Ke7 18. Qf3 a5 19. b3 a4 20. Bc4 axb3 21. Bxb3
Ra3 22. Rhe1 Ba4 23. Re2 Bh6 24. Qxh5 Bxb3 25. cxb3 Rha8 26. Qxh6 Qc3 27. Qc1
Rxb3+ 28. Rb2 Qxc1+ 29. Rxc1 Rxg3 30. Rc7+ Kf8 31. Rxb4 Rxg2 32. a4 Rg4 33. Rd7
Rxh4 34. Rxd6 Kg7 35. Kb2 Rh3 36. Rc6 Re3 37. Rc3 Re2+ 38. Kb3 Rg2 39. Rc6 Rg4
40. Rc5 Kh6 41. a5 Rg1 42. Ra4 Rb8+ 43. Kc2 Rg2+ 44. Kc3 Rb1 45. Kc4 Rd2 46.
Rd5 Rc2+ 47. Kd3 Rbb2 48. Ra3 Ra2 49. Rxa2 Rxa2 50. Kc4 Kg5 51. Kb5 Kf4 52. Rd6
Kxe4 53. Rxf6 Kd5 54. Rxf7 Rb2+ 55. Ka6 e4 56. f6 Kc6 57. Re7 Rf2 58. f7 e3 59.
Rxe3 Rxf7 60. Rc3+ Kd7 61. Kb7 Kd8+ 62. Kb8 Rf1 63. Rd3+ Ke7 64. Rb3 Kd6 65.
Kb7 Kc5 66. a6 Rf7+ 67. Ka8 Kc6 68. Rb1 Rg7 69. a7 Rh7 1/2-1/2

[Event "XXII OPEN INTERNACIONAL CIUTAT DE MONTCADA - Grup "]
[Site "Montcada i Reixac (Barcelona)"]
[Date "2014.06.30"]
[Round "6"]
[Board "4"]
[White "Ghosh, Diptayan"]
[Black "Cuartas, Jaime Alexander"]
[Result "1-0"]
[WhiteElo "2487"]
[BlackElo "2483"]
[PlyCount "111"]
[EventDate "2014.06.25"]
[EventRounds "9"]
[EventCountry "ESP"]

1. Nf3 d5 2. c4 dxc4 3. e3 Nf6 4. Bxc4 a6 5. d4 e6 6. O-O c5 7. Bb3 Be7 8. Nc3
Nc6 9. dxc5 Qxd1 10. Rxd1 Nd7 11. Ba4 Nxc5 12. Bxc6+ bxc6 13. b3 f6 14. Ba3 e5
15. Bxc5 Bxc5 16. Ne4 Be7 17. Nd6+ Bxd6 18. Rxd6 Bd7 19. Rad1 O-O-O 20. Kf1 Kc7
21. Ke1 a5 22. e4 Rhe8 23. R6d3 Be6 24. Rxd8 Rxd8 25. Rxd8 Kxd8 26. Kd2 Kc7 27.
Kc3 Kb6 28. a4 Kc5 29. Ne1 Kb6 30. Nd3 Bg4 31. f3 Bc8 32. Nb2 c5 33. Nc4+ Ka6
34. Nd6 Bd7 35. g3 Kb6 36. f4 exf4 37. gxf4 g5 38. e5 Kc7 39. Nc4 gxf4 40. exf6
Be6 41. Nxa5 f3 42. Kd3 Kd7 43. Nc4 Bh3 44. Ke3 Ke6 45. a5 Kxf6 46. a6 Bc8 47.
a7 Bb7 48. Nb6 Kg5 49. a8=Q Bxa8 50. Nxa8 Kg4 51. Nc7 Kh3 52. Kxf3 Kxh2 53. Ne6
h5 54. Nxc5 h4 55. Ne4 Kg1 56. Nf2 1-0

[Event "XXII OPEN INTERNACIONAL CIUTAT DE MONTCADA - Grup "]
[Site "Montcada i Reixac (Barcelona)"]
[Date "2014.06.30"]
[Round "6"]
[Board "5"]
[White "Cori, Jorge"]
[Black "Palit, Somak"]
[Result "1-0"]
[WhiteElo "2608"]
[BlackElo "2411"]
[PlyCount "185"]
[EventDate "2014.06.25"]
[EventRounds "9"]
[EventCountry "ESP"]

1. d4 d6 2. g3 e5 3. Bg2 exd4 4. Qxd4 Nc6 5. Qd1 Nf6 6. Nf3 Be7 7. O-O d5 8.
Nc3 h6 9. Bf4 Be6 10. Nb5 Rc8 11. Nfd4 Ra8 12. Nf3 Rc8 13. Nfd4 Nxd4 14. Nxd4
Bd7 15. c4 c6 16. cxd5 Nxd5 17. Bxd5 cxd5 18. Qb3 Rc4 19. Rfd1 Qb6 20. Nf3 Be6
21. Be3 Qa6 22. Qd3 O-O 23. b3 Rc6 24. Nd4 Qxd3 25. Rxd3 Ra6 26. a4 Bf6 27.
Nxe6 fxe6 28. Rc1 Rb8 29. Rc7 b5 30. axb5 Ra1+ 31. Kg2 Rxb5 32. Rxa7 Rb1 33.
Ra6 Kf7 34. Rb6 Rxb6 35. Bxb6 Ke7 36. Bc5+ Kd7 37. e4 Kc6 38. Bf8 dxe4 39. Rd6+
Kb5 40. Rxe6 Rxb3 41. Rxe4 Kc6 42. Rg4 Rb7 43. h4 Kd5 44. Ra4 Ke6 45. Bc5 h5
46. Be3 Rd7 47. Kf3 Rd5 48. Ra6+ Rd6 49. Ra8 Rd5 50. Ra6+ Rd6 51. Ra7 Rd5 52.
Rb7 Kf5 53. Rc7 Ke6 54. Ke4 Re5+ 55. Kd3 Rd5+ 56. Ke2 Rb5 57. Rc4 Ra5 58. f3
Rb5 59. Rc6+ Kf5 60. Bd2 Re5+ 61. Kf2 Rd5 62. Bb4 Rb5 63. Rc4 Rd5 64. Be1 Rb5
65. g4+ hxg4 66. fxg4+ Kg6 67. Kf3 Rd5 68. Rc6 Kf7 69. Bf2 Rb5 70. Rc4 Rb3+ 71.
Ke4 Rb2 72. Bg3 Rb3 73. Bf2 Rb2 74. Kf3 Rb3+ 75. Kf4 Rb2 76. Bg3 Rb3 77. g5
Be5+ 78. Kxe5 Rxg3 79. Kf4 Ra3 80. h5 Ra5 81. Kg4 Rb5 82. Kf4 Ra5 83. g6+ Kf6
84. Rc6+ Ke7 85. Rc7+ Ke6 86. Rxg7 Rxh5 87. Rf7 Ra5 88. Kg4 Ra2 89. Kg5 Rh2 90.
Ra7 Rh1 91. g7 Rg1+ 92. Kh6 Kf6 93. Ra6+ 1-0

[Event "XXII OPEN INTERNACIONAL CIUTAT DE MONTCADA - Grup "]
[Site "Montcada i Reixac (Barcelona)"]
[Date "2014.06.30"]
[Round "6"]
[Board "6"]
[White "Narciso Dublan, Marc"]
[Black "Cruz, Cristhian"]
[Result "1-0"]
[WhiteElo "2538"]
[BlackElo "2563"]
[PlyCount "103"]
[EventDate "2014.06.25"]
[EventRounds "9"]
[EventCountry "ESP"]

1. d4 Nf6 2. c4 e6 3. Nc3 Bb4 4. Qc2 c5 5. dxc5 Qc7 6. Bg5 Bxc5 7. Bxf6 gxf6 8.
Nf3 a6 9. e3 b6 10. Be2 Bb7 11. O-O Be7 12. Rfd1 d6 13. Rd2 Nd7 14. Rc1 Rc8 15.
Qd1 Rg8 16. Ne1 Qb8 17. b3 f5 18. Bf3 Nf6 19. Bxb7 Qxb7 20. Rdc2 Rc7 21. Qe2
Kd7 22. f3 Rgc8 23. a4 Ke8 24. e4 fxe4 25. Nxe4 Qc6 26. Nd3 b5 27. cxb5 Qxc2
28. Rxc2 Rxc2 29. Qe3 axb5 30. axb5 d5 31. Nxf6+ Bxf6 32. b6 R8c3 33. b4 Rb3
34. h4 Bd8 35. f4 Rc6 36. b7 Bc7 37. Qd4 Ke7 38. Nc5 Rb1+ 39. Kf2 Rb6 40. g3
R1xb4 41. Qh8 Rb2+ 42. Ke3 Rc2 43. Nd3 Rxb7 44. f5 Rb3 45. f6+ Kd7 46. Qxh7 Kd6
47. Qxf7 d4+ 48. Ke4 Re2+ 49. Kxd4 Rb8 50. Qe7+ Kc6 51. Nb4+ Kb6 52. Qc5+ 1-0

[Event "XXII OPEN INTERNACIONAL CIUTAT DE MONTCADA - Grup "]
[Site "Montcada i Reixac (Barcelona)"]
[Date "2014.06.30"]
[Round "6"]
[Board "7"]
[White "Naroditsky, Daniel"]
[Black "Escobar Forero, Alder"]
[Result "1/2-1/2"]
[WhiteElo "2559"]
[BlackElo "2445"]
[PlyCount "115"]
[EventDate "2014.06.25"]
[EventRounds "9"]
[EventCountry "ESP"]

1. c4 Nf6 2. Nc3 d6 3. d4 g6 4. g3 Bg7 5. Bg2 O-O 6. Nf3 c6 7. O-O Bf5 8. b3
Qc8 9. Re1 Ne4 10. Bb2 Nxc3 11. Bxc3 Be4 12. Qd2 d5 13. Rac1 Qd8 14. Qe3 Nd7
15. Bh3 a5 16. Nd2 Bf5 17. Bxf5 gxf5 18. cxd5 cxd5 19. Qd3 e6 20. Qb5 Ra7 21.
Bb2 Re8 22. Nf3 b6 23. Rc6 a4 24. bxa4 Qa8 25. Rec1 Ra5 26. Qb3 Rxa4 27. Rc7
Rd8 28. a3 Ra7 29. R7c6 Bf8 30. Qe3 Bg7 31. Qg5 h6 32. Qf4 Qb8 33. Ne5 Nxe5 34.
dxe5 b5 35. Bd4 Rxa3 36. g4 fxg4 37. Rc7 Rf8 38. Qxg4 Ra4 39. Kh1 Qd8 40. f4
Qxc7 41. Rxc7 Rxd4 42. e3 Re4 43. Rc1 Kh7 44. Rg1 Bxe5 45. Qh4 Bg7 46. Qe7 d4
47. exd4 Rxf4 48. d5 exd5 49. Qe2 d4 50. Qxb5 Rf6 51. h4 Re6 52. h5 Kh8 53. Qf5
Ree8 54. Qf3 Re6 55. Qg4 Bf6 56. Qf4 Bg7 57. Qg4 Bf6 58. Qf4 1/2-1/2

[Event "XXII OPEN INTERNACIONAL CIUTAT DE MONTCADA - Grup "]
[Site "Montcada i Reixac (Barcelona)"]
[Date "2014.06.30"]
[Round "6"]
[Board "8"]
[White "Cruz, Filemon"]
[Black "Moreno Ruiz, Javier"]
[Result "1/2-1/2"]
[WhiteElo "2412"]
[BlackElo "2486"]
[PlyCount "124"]
[EventDate "2014.06.25"]
[EventRounds "9"]
[EventCountry "ESP"]

1. c4 Nf6 2. g3 e6 3. Bg2 d5 4. Nf3 d4 5. O-O c5 6. b4 cxb4 7. a3 Nc6 8. d3 a5
9. Bb2 Ra6 10. Nbd2 e5 11. Qc2 bxa3 12. Bxa3 Bxa3 13. Rxa3 O-O 14. Rb1 Nb4 15.
Qb2 Qc7 16. Ne1 Bd7 17. Nc2 Nxc2 18. Qxc2 b6 19. Qa2 h6 20. Rab3 a4 21. Rb4 Rb8
22. Ne4 Nxe4 23. Bxe4 Qc5 24. Qa3 f5 25. Bd5+ Kh7 26. h4 b5 27. h5 Be8 28. g4
Rd8 29. gxf5 Rxd5 30. cxd5 Qxd5 31. f3 Qd8 32. Rc1 Qg5+ 33. Kf1 Qxf5 34. Ke1
Qxh5 35. Rc8 Rg6 36. Kd2 Rg1 37. Rc1 Qg5+ 38. Kc2 Rg2 39. Re1 Qe3 40. Kd1 Bf7
41. Rxb5 Bb3+ 42. Rxb3 axb3 43. Qxb3 Rg6 44. Qb7 h5 45. Qf7 Qg5 46. Rh1 h4 47.
Qe8 Ra6 48. Kc2 Ra2+ 49. Kb3 Rxe2 50. f4 Qg4 51. f5 Rg2 52. Qxe5 h3 53. Qe4
Qxe4 54. Rxh3+ Kg8 55. dxe4 Re2 56. Rh4 d3 57. Kc3 d2 58. Kc2 Kf7 59. Kd1 Rf2
60. Rg4 Kf6 61. Rg6+ Ke5 62. Rxg7 Kxe4 1/2-1/2

[Event "XXII OPEN INTERNACIONAL CIUTAT DE MONTCADA - Grup "]
[Site "Montcada i Reixac (Barcelona)"]
[Date "2014.06.30"]
[Round "6"]
[Board "9"]
[White "Panelo, Marcelo"]
[Black "Oliva Castaneda, Kevel"]
[Result "0-1"]
[WhiteElo "2448"]
[BlackElo "2427"]
[PlyCount "130"]
[EventDate "2014.06.25"]
[EventRounds "9"]
[EventCountry "ESP"]

1. d4 Nf6 2. c4 d6 3. Nf3 g6 4. Nc3 Bf5 5. Nh4 Bc8 6. e4 Bg7 7. Nf3 O-O 8. Be2
e5 9. O-O Nc6 10. d5 Ne7 11. b4 Nh5 12. Re1 f5 13. Ng5 Nf6 14. Bf3 h6 15. Ne6
Bxe6 16. dxe6 c6 17. b5 fxe4 18. Nxe4 Nxe4 19. Bxe4 d5 20. cxd5 cxd5 21. Ba3
dxe4 22. Qxd8 Rfxd8 23. Bxe7 Re8 24. Bc5 Rxe6 25. g4 a6 26. b6 Rc8 27. Be3 Rd6
28. Rac1 Rxc1 29. Rxc1 Rd7 30. Rc7 Rf7 31. Rc8+ Rf8 32. Rc4 Rf6 33. Kg2 g5 34.
Rc7 Rf7 35. h4 gxh4 36. Kh3 Bf6 37. Bxh6 Bd8 38. Rc8 Kh7 39. Be3 Rd7 40. g5 Kg6
41. Kxh4 Kf5 42. Kg3 Bxg5 43. Rf8+ Bf6 44. Kg2 Ke6 45. Rc8 Bd8 46. a4 Rd6 47.
Bc5 Rd1 48. Be3 Rd7 49. Kf1 Rd6 50. Bc5 Rd3 51. Be3 Rd5 52. Ke2 Rd7 53. Bc5 Bg5
54. Rc7 Rd2+ 55. Ke1 Rd7 56. Ke2 Bc1 57. Rc8 Bb2 58. Ke3 Kd5 59. Rc7 Bd4+ 60.
Bxd4 exd4+ 61. Kf4 Rd6 62. Rxb7 Rf6+ 63. Kg5 Rd6 64. Kf4 d3 65. Ke3 d2 0-1

[Event "XXII OPEN INTERNACIONAL CIUTAT DE MONTCADA - Grup "]
[Site "Montcada i Reixac (Barcelona)"]
[Date "2014.06.30"]
[Round "6"]
[Board "10"]
[White "Peralta, Fernando"]
[Black "Ruiz C, Joshua D"]
[Result "0-1"]
[WhiteElo "2596"]
[BlackElo "2387"]
[PlyCount "110"]
[EventDate "2014.06.25"]
[EventRounds "9"]
[EventCountry "ESP"]

1. d4 Nf6 2. c4 e6 3. Nc3 Bb4 4. e3 O-O 5. Bd3 d5 6. Nf3 c5 7. O-O Nc6 8. a3
Bxc3 9. bxc3 Qc7 10. cxd5 exd5 11. a4 Re8 12. Ba3 c4 13. Bc2 Ne4 14. Bxe4 Rxe4
15. Nd2 Re8 16. e4 Be6 17. e5 Bf5 18. f4 Bd3 19. Rf2 f5 20. Nf1 Na5 21. Ne3 Be4
22. Raa2 Re6 23. g4 Rg6 24. Rg2 Qd7 25. gxf5 Bxf5 26. Rg3 Be4 27. f5 Bxf5 28.
Rf2 Be4 29. Qf1 Rxg3+ 30. hxg3 h6 31. Nf5 Kh7 32. g4 Qe6 33. Qh3 Qg6 34. Kh2
Nc6 35. Qh4 Rh8 36. Nd6 Bd3 37. Qh5 Qe6 38. Kg3 Nd8 39. Nf7 Nxf7 40. Qxf7 Qc6
41. Rf6 Qe8 42. Qxe8 Rxe8 43. Rf7 b5 44. a5 a6 45. Ra7 Re6 46. Bd6 Rg6 47. Kf3
Be4+ 48. Kf4 Bd3 49. Kf3 Be4+ 50. Kf4 Bd3 51. Rxa6 b4 52. cxb4 c3 53. Rc6 Bc4
54. Ke3 Rxg4 55. b5 Rg3+ 0-1

[Event "XXII OPEN INTERNACIONAL CIUTAT DE MONTCADA - Grup "]
[Site "Montcada i Reixac (Barcelona)"]
[Date "2014.06.30"]
[Round "6"]
[Board "11"]
[White "Burmakin, Vladimir"]
[Black "Sardana, Rishi"]
[Result "1-0"]
[WhiteElo "2592"]
[BlackElo "2316"]
[PlyCount "79"]
[EventDate "2014.06.25"]
[EventRounds "9"]
[EventCountry "ESP"]

1. Nf3 d5 2. c4 c6 3. e3 Nf6 4. Nc3 a6 5. d4 Bf5 6. Ne5 Nbd7 7. Qb3 Ra7 8. cxd5
cxd5 9. Nxd7 Qxd7 10. Na4 e6 11. Nb6 Qc6 12. Bd2 Bc2 13. Qc3 Qxc3 14. Bxc3 Nd7
15. Rc1 Bg6 16. Nc8 Ra8 17. Ba5 Rb8 18. Be2 Nc5 19. Nb6 Nd7 20. Bd1 Nxb6 21.
Bxb6 Bd6 22. Ba4+ Ke7 23. Kd2 Rhc8 24. h4 f6 25. a3 Be8 26. Bxe8 Kxe8 27. h5
Rc6 28. Ba5 Rbc8 29. Rxc6 Rxc6 30. Bc3 Ke7 31. Kd3 Rc8 32. f3 f5 33. Rh3 Kd7
34. e4 fxe4+ 35. fxe4 dxe4+ 36. Kxe4 Rf8 37. Rh4 Ke7 38. Rg4 Rf7 39. d5 exd5+
40. Kxd5 1-0

[Event "XXII OPEN INTERNACIONAL CIUTAT DE MONTCADA - Grup "]
[Site "Montcada i Reixac (Barcelona)"]
[Date "2014.06.30"]
[Round "6"]
[Board "12"]
[White "Sanchez, Sebastian Felipe"]
[Black "Movsziszian, Karen"]
[Result "1-0"]
[WhiteElo "2375"]
[BlackElo "2520"]
[PlyCount "95"]
[EventDate "2014.06.25"]
[EventRounds "9"]
[EventCountry "ESP"]

1. e4 g6 2. d4 Bg7 3. Nf3 d6 4. Be2 Nf6 5. Nc3 O-O 6. h3 a6 7. a4 b6 8. O-O e6
9. Re1 Bb7 10. Bf1 Nc6 11. Bg5 h6 12. Be3 Re8 13. Qd2 Kh7 14. Rad1 Nb4 15. Nh2
Qe7 16. f3 c5 17. Ne2 Nc6 18. Ng4 Nxg4 19. hxg4 Rac8 20. c3 cxd4 21. Nxd4 Nxd4
22. cxd4 Qd7 23. Qb4 Rc6 24. Bd3 Rec8 25. Kf2 Kg8 26. Rh1 g5 27. d5 exd5 28.
exd5 Rc2+ 29. Bxc2 Rxc2+ 30. Rd2 Rxd2+ 31. Qxd2 Qxa4 32. Bxb6 Qb5 33. Bd4 Qxd5
34. Rd1 Bf8 35. Qc2 Bc6 36. Bg7 Qxd1 37. Qxd1 Kxg7 38. Qd4+ Kg8 39. Qf6 Bb5 40.
b3 Bd7 41. Qd8 Be6 42. Qb8 Kg7 43. Ke2 a5 44. Qb6 Kg6 45. Kd3 h5 46. gxh5+ Kxh5
47. Qxa5 Kh4 48. Qd8 1-0

[Event "XXII OPEN INTERNACIONAL CIUTAT DE MONTCADA - Grup "]
[Site "Montcada i Reixac (Barcelona)"]
[Date "2014.06.30"]
[Round "6"]
[Board "13"]
[White "Akshat, Khamparia"]
[Black "Arun Prasad, S."]
[Result "0-1"]
[WhiteElo "2367"]
[BlackElo "2472"]
[PlyCount "64"]
[EventDate "2014.06.25"]
[EventRounds "9"]
[EventCountry "ESP"]

1. d4 e6 2. c4 Nf6 3. Nc3 c5 4. d5 exd5 5. cxd5 d6 6. Nf3 g6 7. Bf4 a6 8. Nd2
b5 9. a4 b4 10. Nce4 Nh5 11. Bg5 f6 12. Bh4 g5 13. e3 Ng7 14. Qf3 gxh4 15.
Nxf6+ Ke7 16. Nc4 Bf5 17. Qf4 Nd7 18. Nxd7 Kxd7 19. Be2 Kc7 20. e4 Bg6 21. O-O
Be7 22. Qe3 Re8 23. f4 Bf8 24. Bd3 Kb8 25. Qf3 Ra7 26. f5 Bh5 27. Qf4 Qf6 28.
Kh1 Bf7 29. Rae1 Nh5 30. Qf3 Qh6 31. Rf2 Bxd5 32. Ne3 Bc6 0-1

[Event "XXII OPEN INTERNACIONAL CIUTAT DE MONTCADA - Grup "]
[Site "Montcada i Reixac (Barcelona)"]
[Date "2014.06.30"]
[Round "6"]
[Board "14"]
[White "Vishnu, Prasanna. V"]
[Black "Gemy, Jose Daniel"]
[Result "1-0"]
[WhiteElo "2459"]
[BlackElo "2330"]
[PlyCount "105"]
[EventDate "2014.06.25"]
[EventRounds "9"]
[EventCountry "ESP"]

1. e4 e5 2. Nf3 Nc6 3. d4 exd4 4. Nxd4 Nf6 5. Nxc6 bxc6 6. e5 Qe7 7. Qe2 Nd5 8.
c4 Ba6 9. Nd2 O-O-O 10. b3 g5 11. Bb2 Bg7 12. O-O-O Rde8 13. h4 Nf4 14. Qe3
Bxe5 15. Qxe5 Qxe5 16. Bxe5 Rxe5 17. Nf3 Ra5 18. hxg5 Rxa2 19. Rd2 Ra5 20. Kb2
Rf5 21. g4 Ra5 22. Rd1 Bb7 23. Rh6 Ne6 24. b4 Ra4 25. Ne5 Rxb4+ 26. Kc3 Ra4 27.
Bd3 Ra3+ 28. Kb2 Ra5 29. Nxf7 Rf8 30. Rxh7 Nxg5 31. Nxg5 Rxg5 32. Bf5 Kb8 33.
Rhxd7 Bc8 34. Rd8 Rgg8 35. Rxc8+ Rxc8 36. Bxc8 Kxc8 37. f3 Rf8 38. Rf1 Rf4 39.
Kc3 c5 40. Kd3 Kd7 41. Ke3 Rxc4 42. Rh1 a5 43. f4 a4 44. g5 a3 45. g6 Ke7 46.
Rg1 Kf8 47. f5 Rc3+ 48. Ke4 Rc4+ 49. Ke3 Rc3+ 50. Kf4 Rc4+ 51. Kg5 a2 52. f6
Rc2 53. Rh1 1-0

[Event "XXII OPEN INTERNACIONAL CIUTAT DE MONTCADA - Grup "]
[Site "Montcada i Reixac (Barcelona)"]
[Date "2014.06.30"]
[Round "6"]
[Board "15"]
[White "Teh, Eu Wen Aron"]
[Black "Munoz Pantoja, Miguel"]
[Result "1/2-1/2"]
[WhiteElo "2228"]
[BlackElo "2457"]
[PlyCount "80"]
[EventDate "2014.06.25"]
[EventRounds "9"]
[EventCountry "ESP"]

1. d4 c5 2. d5 Nf6 3. c4 g6 4. Nc3 Bg7 5. e4 O-O 6. Be2 d6 7. Bg5 e6 8. Qd2
exd5 9. exd5 Qb6 10. Nf3 Bf5 11. Nh4 Ne4 12. Nxe4 Bxe4 13. f3 Qxb2 14. Rc1 Bf5
15. Nxf5 gxf5 16. Qxb2 Bxb2 17. Rb1 Bc3+ 18. Kd1 b6 19. Rb3 Bd4 20. f4 Nd7 21.
Rg3 Kh8 22. Bd3 Rfe8 23. Bxf5 Nf8 24. Rf1 a6 25. Bh6 b5 26. Rh3 bxc4 27. Bxf8
Rxf8 28. Rxh7+ Kg8 29. Rh6 Rab8 30. Rf3 Rfe8 31. Bc2 Rb2 32. f5 Kg7 33. Rxd6
Rxa2 34. f6+ Kh6 35. Rh3+ Kg5 36. Rg3+ Kh4 37. Rh3+ Kg5 38. Rg3+ Kh4 39. Rh3+
Kg5 40. Rg3+ Kh4 1/2-1/2

[Event "XXII OPEN INTERNACIONAL CIUTAT DE MONTCADA - Grup "]
[Site "Montcada i Reixac (Barcelona)"]
[Date "2014.06.30"]
[Round "6"]
[Board "16"]
[White "Sagar, Shah"]
[Black "Herraiz Hidalgo, Herminio"]
[Result "1/2-1/2"]
[WhiteElo "2309"]
[BlackElo "2446"]
[PlyCount "51"]
[EventDate "2014.06.25"]
[EventRounds "9"]
[EventCountry "ESP"]

1. d4 d5 2. c4 e6 3. Nc3 Be7 4. Nf3 Nf6 5. Bg5 O-O 6. cxd5 Nxd5 7. Bxe7 Qxe7 8.
Rc1 b6 9. Nxd5 exd5 10. e3 Qb4+ 11. Qd2 Qxd2+ 12. Kxd2 c6 13. Bd3 Bb7 14. Rc3
Rd8 15. a4 Nd7 16. Bf5 Nf6 17. b4 a5 18. Rb1 axb4 19. Rxb4 Bc8 20. Bd3 Ne4+ 21.
Bxe4 dxe4 22. Ne5 c5 23. Rxb6 cxd4 24. Rc4 dxe3+ 25. Kxe3 Re8 26. Nc6 1/2-1/2

[Event "XXII OPEN INTERNACIONAL CIUTAT DE MONTCADA - Grup "]
[Site "Montcada i Reixac (Barcelona)"]
[Date "2014.06.30"]
[Round "6"]
[Board "17"]
[White "Lorenzo De La Riva, Lazaro"]
[Black "Vehi Bach, Victor Manuel"]
[Result "0-1"]
[WhiteElo "2421"]
[BlackElo "2313"]
[PlyCount "90"]
[EventDate "2014.06.25"]
[EventRounds "9"]
[EventCountry "ESP"]

1. e4 c5 2. Nf3 e6 3. d4 cxd4 4. Nxd4 Nf6 5. Nc3 d6 6. g4 h6 7. h3 Nc6 8. Be3
a6 9. Bg2 Ne5 10. f4 Nc4 11. Bc1 Qb6 12. b3 e5 13. bxc4 exd4 14. Nd5 Nxd5 15.
cxd5 g6 16. O-O Bg7 17. Kh1 h5 18. g5 d3 19. Bd2 dxc2 20. Qxc2 Bxa1 21. Rxa1
O-O 22. Qc3 Bd7 23. Be3 Qd8 24. Bd4 Kh7 25. Qb4 Qc7 26. Rb1 b5 27. Ba1 Rac8 28.
Qd4 Rg8 29. Qf6 Be8 30. e5 Qd8 31. e6 Qxf6 32. gxf6 Rc4 33. Rf1 h4 34. Bb2 b4
35. Rf2 a5 36. Bf1 Rc5 37. Rd2 a4 38. Bg2 Rc4 39. Bd4 b3 40. axb3 axb3 41. Be4
Ba4 42. Kg2 Rgc8 43. Kf3 Rc1 44. exf7 Rf8 45. Kg4 Kh6 0-1

[Event "XXII OPEN INTERNACIONAL CIUTAT DE MONTCADA - Grup "]
[Site "Montcada i Reixac (Barcelona)"]
[Date "2014.06.30"]
[Round "6"]
[Board "19"]
[White "Vasquez Schroeder, Rodrigo"]
[Black "Oganisian, Roman"]
[Result "1-0"]
[WhiteElo "2551"]
[BlackElo "2245"]
[PlyCount "67"]
[EventDate "2014.06.25"]
[EventRounds "9"]
[EventCountry "ESP"]

1. e4 e6 2. d4 d5 3. Nc3 Nf6 4. e5 Nfd7 5. Nce2 c5 6. f4 Nc6 7. c3 b6 8. Ng3
Qc7 9. a3 Bb7 10. Nf3 f6 11. Bd3 O-O-O 12. O-O g5 13. exf6 gxf4 14. Nh5 Bh6 15.
Qe1 Nf8 16. Bb5 cxd4 17. Bxc6 Bxc6 18. Nxd4 Re8 19. Ng7 Ng6 20. Nxe8 Rxe8 21.
f7 Re7 22. Nxc6 Qxc6 23. Bxf4 Bf8 24. Bg5 Rd7 25. Qe2 h6 26. Be3 e5 27. Qg4 Kb7
28. Rf6 Rd6 29. Rxd6 Qxd6 30. Rf1 Bg7 31. h4 d4 32. h5 dxe3 33. Qxg6 Qc5 34. b4
 1-0

[Event "XXII OPEN INTERNACIONAL CIUTAT DE MONTCADA - Grup "]
[Site "Montcada i Reixac (Barcelona)"]
[Date "2014.06.30"]
[Round "6"]
[Board "20"]
[White "Aroshidze, Levan"]
[Black "Fernandez Cazorla, Antonio"]
[Result "0-1"]
[WhiteElo "2565"]
[BlackElo "2218"]
[PlyCount "58"]
[EventDate "2014.06.25"]
[EventRounds "9"]
[EventCountry "ESP"]

1. e4 c5 2. Nf3 d6 3. d4 cxd4 4. Nxd4 Nf6 5. Nc3 a6 6. f3 e5 7. Nb3 Be6 8. Be3
Be7 9. Qd2 O-O 10. O-O-O a5 11. a4 Na6 12. g4 Nb4 13. Kb1 Rc8 14. g5 Nd7 15.
Bb5 b6 16. h4 f5 17. gxf6 Nxf6 18. Rhg1 Qc7 19. f4 Nxe4 20. Nxe4 Qxc2+ 21. Qxc2
Nxc2 22. Bxb6 Bxb3 23. Nxd6 Bxd6 24. Rxd6 exf4 25. Rd7 g6 26. Bxa5 f3 27. Rg3
f2 28. Bf1 Rfe8 29. Rd1 Ne3 0-1

[Event "XXII OPEN INTERNACIONAL CIUTAT DE MONTCADA - Grup "]
[Site "Montcada i Reixac (Barcelona)"]
[Date "2014.06.30"]
[Round "6"]
[Board "21"]
[White "Saptarshi, Roy"]
[Black "Dalo, Hermes"]
[Result "1/2-1/2"]
[WhiteElo "2433"]
[BlackElo "2235"]
[PlyCount "42"]
[EventDate "2014.06.25"]
[EventRounds "9"]
[EventCountry "ESP"]

1. e4 c5 2. Nf3 d6 3. Bc4 Nf6 4. d3 Nc6 5. h3 g6 6. Bb3 Bg7 7. c3 O-O 8. O-O e5
9. Re1 h6 10. d4 Qc7 11. Na3 a6 12. Bd5 cxd4 13. Bxc6 bxc6 14. cxd4 exd4 15.
Qxd4 d5 16. exd5 Nxd5 17. Qc5 Rb8 18. Nd4 Qb6 19. Qxb6 Rxb6 20. Nb3 Rb4 21. Re2
Bf5 1/2-1/2